000 00499nam a2200193 a 4500
001 1777026775828
003 YourLibrary
005 20260424160639.0
008 260424s2008##################000#0#eng##
020 _a9783039115839
082 0 4 _a345.0773
_bPIE
100 1 _aPieth, Mark,
_eauthor.
245 1 0 _aRecovering Stolen Assets :
260 _bPeter Lang,
_c2008.
300 _a428 pages
650 0 _aBusiness & Economics.
942 _cENGLISH
040 _aYourLibrary
_beng
_cYourLibrary
999 _c619812
_d619812